000 00755nas a2200241 4500
001 BR0802397
003 BR-BrBNA
005 20231205112002.0
007 ta
008 230509b bl.|||p| |||| 00| 00por d
040 _aBR-BrBNA
_bpor
_cBiblioteca Nacional de Agricultura
041 _a(En)
072 _aL74; L20
100 1 _aAndrade, C.F.S.
100 1 _aBueno, V.S.
245 1 _aEvaluation of electronic mosquito repelling devices using Aedes albopictus (Skuse)(Diptera: Culicidae)
650 _aINSETO
650 _aREPELENTE
650 _aCOMPORTAMENTO ANIMAL
773 0 _tNeotropical Entomology (Brazil)
_xISSN 1519-566X
_g(Sep 2001), v. 30(3) p. 497-499
_wBR0802397
909 _a202311
_bLúcia
_c55
_dLúcia Elande
942 _2AGRIS
_n0
_cANA
999 _c195478
_d195478